Country Ranking Showdown Quiz Stats

Quiz Updated Aug 19, 2015

Challenge
Share
Tweet
Score 0/25 Timer 12:00
8 Plays Today
% Correct
Russia
92.9%
China
89%
United States
88%
Canada
81.4%
India
80%
Brazil
67.3%
Australia
59.9%
Monaco
51.8%
Japan
51.4%
United Kingdom
50.8%
Singapore
49.9%
Germany
49.5%
Tuvalu
44.7%
% Correct
Mongolia
44.2%
Saudi Arabia
44%
Ethiopia
43.7%
Croatia
43.2%
United Arab Emirates
37.6%
New Zealand
36.1%
Chile
30.5%
Djibouti
29.1%
Kyrgyzstan
27.1%
Iceland
24.9%
El Salvador
24.8%
The Gambia
20%

You're not logged in!

Compare scores with friends on all Sporcle quizzes.
Sign Up with Email
OR
Log In

You Might Also Like...

Show Comments

Extras

Top Quizzes Today


Score Distribution

Your Account Isn't Verified!

In order to create a playlist on Sporcle, you need to verify the email address you used during registration. Go to your Sporcle Settings to finish the process.